000 00546nam a2200157Ia 4500
003 LDD
008 190327s9999 xx 000 0 und d
020 _a81-7178-701-0
040 _cLDD
082 _a8H4.7 क्ा 6912 भा
245 0 _aभारतीय राजनीति और संविधान :विकास विवाद और निदान (1947से 1997)
260 _aनई दिल्ली
_bराजकमल प्रकाशन
_c1999
300 _a223 पृ.
942 _2ddc
_cBK
949 _aG009267
999 _c192713
_d192713